Statistics for Woodwind Instruments

Click here to take the quiz!

General Stats

  • This quiz has been taken 765 times
  • The average score is 17 of 60

Answer Stats

Hint Answer % Correct
Flute in C
96%
Soprano Clarinet in C, Bb, A, or G
95%
Oboe in C
87%
Piccolo in C
86%
Bassoon in C
82%
Bass Clarinet in Bb, C or A
80%
Alto Saxophone in E flat
72%
Tenor Saxophone in B flat
71%
Soprano Saxophone in B flat or C
65%
Baritone Saxophone in E flat
64%
Bass Flute in C
59%
English Horn in F
56%
Alto Clarinet in E flat or F
56%
Contrabassoon in C
56%
Alto Flute in G
53%
Bass Saxophone in B flat
51%
Contrabass Clarinet in BB flat
41%
Contrabass Saxophone in EE flat
37%
Sopranino Clarinet in E flat or D
35%
Contrabass Flute in C
33%
Bass Oboe in C
31%
Sopranino Saxophone in E flat
28%
Soprano Flute in E flat
26%
Oboe d'Amore in A
23%
Melody Saxophone in C
18%
Contra-Alto Clarinet in EE flat
15%
Contrabass Oboe in C
15%
Octocontra-Alto Clarinet in EEE flat
14%
Subcontrabass Saxophone in BB flat
14%
Mezzo-Soprano Saxophone in F or G
14%
Quart Bassoon in F
13%
Piccolo Clarinet in A flat
13%
Piccolo Oboe in E flat
12%
Contra-Alto Flute in G
12%
Subcontrabass Flute in G
11%
Oboe da caccia in F
10%
Sopranissimo Saxophone in B flat
9%
Contrabass Tubax in EE flat
8%
Quint Bassoon in G
8%
Heckelphone in C
8%
Double Contrabass Flute in C
7%
Octocontrabass Clarinet in BBB flat
7%
Contrabass Sarrusophone in E flat, C or B flat
6%
Hyperbass Flute in C
6%
Treble Flute in G
5%
Soprano Sarrusophone in B flat
4%
Bassett Horn in F or G
4%
Bass Sarrusophone in B flat
4%
Tenor Sarrusophone in B flat
4%
Alto Sarrusophone in E flat
4%
Flute d'Amore in B flat
4%
Subcontrabass Tubax in BB flat or CC
4%
Bassett Clarinet in C, Bb, A, or G
3%
Baritone Sarrusophone in E flat
3%
Sopranino Sarrusophone in E flat
3%
Contraforte in C
3%
Piccolo Heckelphone in F or E flat
3%
Octave Bassoon in C
2%
Lupophon in C
2%
Reed Contrabass in C
1%

Score Distribution

Percentile by Number Answered

Percent of People with Each Score

Your Score History

You have not taken this quiz